8 contes de Nadal / Pere Calders
ISBN:
978-84-9803-251-2
Descripción Física:
90 p. : il. ; 17 cm
MARC
| LEADER | 00000nam a2200000Ia 4500 | ||
|---|---|---|---|
| 001 | 19889 | ||
| 008 | 160829s2007 xx 000 0 cat d | ||
| 020 | |a 978-84-9803-251-2 | ||
| 080 | |a L-2-96 | ||
| 100 | |a Calders, Pere |9 35403 | ||
| 245 | |a 8 contes de Nadal / Pere Calders | ||
| 260 | |a Barcelona : |b Diputació de Barcelona, |c 2007 | ||
| 300 | |a 90 p. : |b il. ; |c 17 cm | ||
| 590 | |a L'edició és un obsequi de la Diputació de Barcelona als usuaris de la Xarxa de Biblioteques Municipals | ||
| 710 | 1 | |a Barcelona (Catalunya : Província). |b Diputació |9 52408 | |
| 901 | |a Arxiu | ||
| 942 | |n 1 | ||
| 952 | |0 0 |1 0 |4 0 |6 L296 |7 1 |9 52450 |a Arxiu |b Arxiu |d 2016-12-01 |l 0 |o L-2-96 |p 19889 |r 2016-12-01 00:00:00 |w 2016-12-01 |y ARXIU | ||
| 999 | |c 56298 |d 56298 | ||